Statistics for Song Lyrics: La Bamba

Click here to take the quiz!

General Stats

  • This quiz has been taken 41 times
  • The average score is 79 of 126

Answer Stats

Answer% Correct
La
100%
Bamba
93%
Bailar
74%
Y
74%
De
70%
Gracia
70%
No
67%
Pa'
67%
Para
67%
Se
67%
Una
63%
Poca
59%
Soy
59%
Arriba
56%
Capitán
52%
Mi
52%
Ti
52%
Yo
52%
Necesita
48%
Marinero
44%
Por
33%
Seré
33%
Ah
19%

Score Distribution

Percentile by Number Answered

Percent of People with Each Score

Your Score History

You have not taken this quiz